| 000 | 00567nam a22002057a 4500 | ||
|---|---|---|---|
| 003 | OSt | ||
| 005 | 20140310181803.0 | ||
| 008 | 130704t xxu||||| |||| 00| 0 eng d | ||
| 020 | _a9780755435050 | ||
| 050 |
_aGV 1201 _b.G786 2004 |
||
| 082 |
_aREF 796.092 _bOn2 2004 |
||
| 245 | _a100 great in sports./ | ||
| 260 |
_aU.K : _bGrandreams books, _cc 2004. |
||
| 300 |
_a46 p. : _bill. col. ; _c29 cm. : |
||
| 520 | _a1. Athletes--Rating of. 2. Sports--History. | ||
| 521 | _aBasic ed. students | ||
| 541 | _j1 | ||
| 562 | _e1 | ||
| 942 |
_2lcc _cBK-GR _kREF |
||
| 999 |
_c3714 _d3714 |
||